El advenimiento de la sociedad post-industrial: un intento de prognosis social

Guardat en:
Dades bibliogràfiques
Autor principal: Bell, Daniel (Autor)
Format: Llibre
Idioma:espanyol
Publicat: Madrid Alianza 1976
Col·lecció:Alianza Universidad, 149
Matèries:
Etiquetes: Afegir etiqueta
Sense etiquetes, Sigues el primer a etiquetar aquest registre!

MARC

LEADER 00000cam a2200000 a 4500
001 UCP5901
003 CL-VaPUC
008 991001e19760000SP |||||||||||||||||spa|d
020 |a 8420621498 
082 0 4 |a 303.49  |b BEL  |2 21 
100 0 |a Bell, Daniel  |e author  |9 434545 
245 1 3 |a El advenimiento de la sociedad post-industrial: un intento de prognosis social 
300 |a 578 p 
942 |c BK 
945 |d 19991001 00:00:00  |a crobeson 
260 |a Madrid  |b Alianza  |c 1976 
650 0 |a Cambio social   |9 256857 
650 0 |a Sociedad post-industrial  |9 380301 
650 0 |a Desarrollo social  |9 264534 
650 7 |a PLANIFICACION SOCIAL  |2 CL-VaPUC  |9 348452 
650 7 |a PREDICCIONES SOCIALES  |2 CL-VaPUC  |9 264215 
650 7 |a FUTUROLOGIA  |2 CL-VaPUC  |9 328866 
583 |a last modification  |c 20120105 08:29:40  |k Rodrigo Vera 
490 0 |a Alianza Universidad, 149 
999 |c 283538  |d 283536 
952 |0 0  |1 0  |4 0  |6 303_490000000000000_BEL_1976  |7 0  |8 A  |9 326788  |a BIBHIS  |b BIBHIS  |d 2019-11-20  |i 1357751  |o 303.49 BEL 1976  |p 1357751  |r 2025-01-20  |w 2019-11-20  |y BK  |k HIS 
952 |0 0  |1 0  |4 0  |6 303_490000000000000_BEL_1976  |7 0  |8 A  |9 326789  |a BIBHIS  |b BIBHIS  |d 2019-11-20  |i 135776K  |o 303.49 BEL 1976  |p 135776K  |r 2025-01-20  |w 2019-11-20  |y BK  |k HIS 
952 |0 0  |1 0  |4 0  |6 303_490000000000000_BEL_1976  |7 0  |8 A  |9 326790  |a BIBARQ  |b BIBARQ  |d 2019-11-20  |i 481875K  |o 303.49 BEL 1976  |p 481875K  |r 2025-01-20  |w 2019-11-20  |y BK  |k ARQ